| 000 | 00508nam a22001937a 4500 | ||
|---|---|---|---|
| 003 | OSt | ||
| 005 | 20140310182959.0 | ||
| 008 | 130208t xxu||||| |||| 00| 0 eng d | ||
| 020 | _a9789712719806 | ||
| 050 |
_aHF 1359 _b.J84 2007 |
||
| 100 | _aJucutan, Myra Lao | ||
| 245 |
_a101 global business issues / _cMyra Lao Jucutan, Felix M. Lao, Jr. |
||
| 260 |
_aPasig City : _b Anvil Pub., _c2007. |
||
| 300 |
_a154 p. : _c18 cm. |
||
| 521 | _aBSBA | ||
| 562 | _e1 | ||
| 942 |
_2lcc _cBK _kLOC |
||
| 999 |
_c18083 _d18083 |
||